000
00281nam a22001337a 4500
008
170807b xxu||||| |||| 00| 0 eng d
020
_a
9780596005887
041
_a
eng
080
_a
004
100
_a
33
101
_a
SHK
245
_a
DVD STUDIO PRO 3
_c
LOY,M
942
_2
udc
_c
BK
999
_c
22770
_d
22770